000 00650nam a22001937a 4500
999 _c96562
_d96562
005 20230411125020.0
010 _aENG-113955
020 _c900.00
_a9789380336923
035 _aEN-97487
037 _bDBAD/PUB
_adpl
082 _a171.2
100 _aChaudhuri, Nandita
245 _aThe logical character of natural laws :
_cby Nandita Chaudhuri
_ban examination of Kneale's view /
260 _aKolkata
_bMaha Bodhi Book Agency
_c2015
270 _a4A, Bankim Chatterjee Street, College Square,
_bKolkata
_e700073
300 _axvi,386p.
_c22cm(hbk)
500 _aIncludes bibliographical references and index
942 _2ddc
_cEN
_mCHA